=LDR 00000nam 2200000 4500 =001 INLIS000000000025939 =005 20130612124418 =008 ***********************************Ind** =035 ##$$0010-061300000025939 =041 ##$$a Ind =082 ##$$a 337 =090 ##$$a 337, Jak e =100 ##$$a Jakti, Hero Utomo =245 ##$$a Ekonomi politik internasional di asia pasifik, Hero Utomo Jakti =260 ##$$a 1995 $b Jakarta =300 ##$$a 223 hlm, 23 cm =650 ##$$a Ekonomi =850 ##$$a NBPNMAT